[Event "OLOMOUC 2006 - IM-B (CZE)"]
[Site "?"]
[Date "2006.08.02"]
[Round "1.5"]
[White "Krupa, Monika"]
[Black "Sluka, Radek"]
[Result "1/2-1/2"]
[WhiteElo "2251"]
[BlackElo "2331"]
[PlyCount "57"]
[EventDate "2006.08.02"]

1. e4 c5 2. Nf3 Nc6 3. Bb5 e6 4. O-O Nge7 5. c3 a6 6. Ba4 b5 7. Bc2 Bb7 8. a4
b4 9. d4 cxd4 10. cxd4 d5 11. e5 h6 12. Nbd2 Na5 13. Ne1 Qb6 14. Ndf3 b3 15.
Bb1 Nec6 16. Nd3 Nc4 17. Be3 N6a5 18. Nd2 Be7 19. Nxc4 Nxc4 20. Qg4 g6 21. Nf4
Kd7 22. Bd3 h5 23. Qe2 Rhc8 24. Rfc1 Nxe3 25. fxe3 Rxc1+ 26. Rxc1 Rc8 27. Rf1
Qa5 28. Qf2 Qxa4 29. Ne2 1/2-1/2

[Event "OLOMOUC 2006 - IM-B (CZE)"]
[Site "?"]
[Date "2006.08.02"]
[Round "1.6"]
[White "Stehno, Pavel"]
[Black "Jurek, Josef"]
[Result "1-0"]
[WhiteElo "2297"]
[BlackElo "2390"]
[PlyCount "87"]
[EventDate "2006.08.02"]

1. e4 e6 2. d4 d5 3. e5 c5 4. c3 Bd7 5. Nf3 a6 6. h4 h5 7. Be2 cxd4 8. cxd4 Bb5
9. Nc3 Bxe2 10. Nxe2 Nc6 11. O-O Be7 12. Bg5 Nh6 13. Ng3 g6 14. Qd2 Bxg5 15.
Nxg5 Qb6 16. Rfd1 O-O-O 17. Rac1 Kb8 18. Rc3 Rd7 19. b3 Qb4 20. Qb2 Rc8 21. a3
Qe7 22. b4 Na7 23. Rxc8+ Nxc8 24. Nf1 Nf5 25. g3 Rc7 26. Nd2 Nb6 27. Qb3 Qd7
28. Ngf3 Qc6 29. Rb1 Qc2 30. Qxc2 Rxc2 31. Nb3 Nc4 32. a4 Rc3 33. Ng5 Nh6 34.
Nc5 Kc8 35. Kg2 Na3 36. Rb2 Nc2 37. Nb3 b6 38. a5 b5 39. Nc5 Nxd4 40. Nxa6 Nb3
41. Nf3 Nf5 42. Ng5 Nh6 43. Nf3 Kb7 44. Rxb3 1-0

[Event "OLOMOUC 2006 - IM-B (CZE)"]
[Site "?"]
[Date "2006.08.03"]
[Round "2.1"]
[White "Malinovsky, Karel"]
[Black "Jurek, Josef"]
[Result "1/2-1/2"]
[WhiteElo "2346"]
[BlackElo "2390"]
[PlyCount "51"]
[EventDate "2006.08.02"]

1. e4 e6 2. d4 d5 3. Nc3 Nf6 4. e5 Nfd7 5. f4 c5 6. Nf3 Nc6 7. Be3 a6 8. Qd2 b5
9. dxc5 Bxc5 10. Bxc5 Nxc5 11. Qf2 Qb6 12. Bd3 b4 13. Ne2 a5 14. O-O Ba6 15.
Kh1 Ne7 16. Rad1 Na4 17. Qxb6 Nxb6 18. b3 Nf5 19. Ra1 Bxd3 20. cxd3 Kd7 21. Kg1
Rhc8 22. Rfc1 Rxc1+ 23. Rxc1 Rc8 24. Rxc8 Nxc8 25. Kf2 f6 26. g4 1/2-1/2

[Event "OLOMOUC 2006 - IM-B (CZE)"]
[Site "?"]
[Date "2006.08.03"]
[Round "2.2"]
[White "Sluka, Radek"]
[Black "Stehno, Pavel"]
[Result "0-1"]
[WhiteElo "2331"]
[BlackElo "2297"]
[PlyCount "80"]
[EventDate "2006.08.02"]

1. Nc3 c5 2. Nf3 Nc6 3. d4 d5 4. e3 Bg4 5. Be2 e6 6. h3 Bh5 7. O-O Nf6 8. b3 a6
9. Bb2 Bxf3 10. Bxf3 cxd4 11. exd4 Bd6 12. Re1 O-O 13. Na4 b5 14. Nc5 Qb6 15.
c3 Bxc5 16. dxc5 Qxc5 17. c4 dxc4 18. b4 Qb6 19. Bxf6 gxf6 20. Be4 f5 21. Qd2
f6 22. Bf3 Rad8 23. Qh6 Nd4 24. Bd1 Rd7 25. Rc1 Rg7 26. Rc3 Qc6 27. g3 Qd6 28.
a3 e5 29. Kh2 Rd8 30. Bf3 Rg6 31. Qh4 Nxf3+ 32. Rxf3 Rg5 33. Rfe3 Rg6 34. Rf3
Qe6 35. Rfe3 Rd2 36. Kg1 Qc6 37. Rc3 Qd5 38. Qh5 f4 39. g4 Qd4 40. Rf3 Rd3 0-1

[Event "OLOMOUC 2006 - IM-B (CZE)"]
[Site "?"]
[Date "2006.08.03"]
[Round "2.4"]
[White "Lubbe, Nicolas"]
[Black "Mihailovs, Jurijs"]
[Result "0-1"]
[WhiteElo "2272"]
[BlackElo "2258"]
[PlyCount "64"]
[EventDate "2006.08.02"]

1. e4 c5 2. Nf3 e6 3. d4 cxd4 4. Nxd4 a6 5. Bd3 Bc5 6. Nb3 Ba7 7. O-O Nc6 8.
Qg4 Nf6 9. Qxg7 Rg8 10. Qh6 Ne5 11. Be2 b5 12. Bg5 Rg6 13. Qh4 Bb7 14. N1d2 h6
15. Bxf6 Rxf6 16. a4 Ng6 17. Qxh6 Qb6 18. a5 Qc6 19. Qg5 e5 20. c4 b4 21. g3
O-O-O 22. Kh1 Rh8 23. c5 Nf4 24. gxf4 Rfh6 25. Bf3 f5 26. Rfe1 Qe6 27. Qg2 Rg8
28. Qf1 Rgh8 29. Qd3 fxe4 30. Bxe4 Rxh2+ 31. Kg1 Rh1+ 32. Kg2 Qg4+ 0-1

[Event "OLOMOUC 2006 - IM-B (CZE)"]
[Site "?"]
[Date "2006.08.03"]
[Round "2.5"]
[White "Salama, Omar"]
[Black "Ramiro Ovejero, Juan Luis"]
[Result "1/2-1/2"]
[WhiteElo "2174"]
[BlackElo "2323"]
[PlyCount "50"]
[EventDate "2006.08.02"]

1. d4 Nf6 2. c4 c5 3. Nf3 cxd4 4. Nxd4 Nc6 5. g3 g6 6. Bg2 Bg7 7. O-O O-O 8.
Nc3 d6 9. b3 Nxd4 10. Qxd4 Be6 11. Bb2 Nd5 12. Qd2 Nxc3 13. Bxc3 Bxc3 14. Qxc3
Qc7 15. Qd4 a5 16. h4 Rab8 17. h5 Qc5 18. Qxc5 dxc5 19. hxg6 hxg6 20. Rfd1 b5
21. cxb5 Rxb5 22. Rac1 Rb4 23. Rxc5 a4 24. Rc7 axb3 25. axb3 Rxb3 1/2-1/2

[Event "OLOMOUC 2006 - IM-B (CZE)"]
[Site "?"]
[Date "2006.08.03"]
[Round "2.6"]
[White "Skytte, Rasmus"]
[Black "Camarena Gimenez, Rufino"]
[Result "1/2-1/2"]
[WhiteElo "2408"]
[BlackElo "2323"]
[PlyCount "37"]
[EventDate "2006.08.02"]

1. e4 e6 2. d4 d5 3. Nc3 Bb4 4. Nge2 Ne7 5. a3 Ba5 6. b4 Bb6 7. e5 Nf5 8. Na4
f6 9. Nxb6 axb6 10. Ng3 fxe5 11. Nxf5 exf5 12. dxe5 O-O 13. Be2 Be6 14. O-O c6
15. c3 Nd7 16. f4 b5 17. a4 Nb6 18. a5 Na4 19. Qd3 1/2-1/2

[Event "OLOMOUC 2006 - IM-B (CZE)"]
[Site "?"]
[Date "2006.08.04"]
[Round "3.1"]
[White "Camarena Gimenez, Rufino"]
[Black "Malinovsky, Karel"]
[Result "1/2-1/2"]
[WhiteElo "2323"]
[BlackElo "2346"]
[PlyCount "31"]
[EventDate "2006.08.02"]

1. Nf3 Nf6 2. g3 d5 3. Bg2 e6 4. O-O Be7 5. d4 O-O 6. c4 dxc4 7. Qc2 a6 8. Qxc4
b5 9. Qc2 Bb7 10. Bd2 Be4 11. Qc1 Bb7 12. b4 Nbd7 13. a3 Nb6 14. Nc3 Ne4 15.
Rd1 Nc4 16. Ne1 1/2-1/2

[Event "OLOMOUC 2006 - IM-B (CZE)"]
[Site "?"]
[Date "2006.08.04"]
[Round "3.2"]
[White "Ramiro Ovejero, Juan Luis"]
[Black "Skytte, Rasmus"]
[Result "1/2-1/2"]
[WhiteElo "2323"]
[BlackElo "2408"]
[PlyCount "75"]
[EventDate "2006.08.02"]

1. e4 e5 2. Bc4 Nf6 3. d3 Nc6 4. Nf3 Be7 5. O-O O-O 6. Re1 d6 7. a4 Kh8 8. a5
a6 9. c3 Ng8 10. d4 exd4 11. Nxd4 Ne5 12. Bf1 c5 13. Nf5 Bxf5 14. exf5 Nc6 15.
Qa4 d5 16. Nd2 Nh6 17. Nf3 Nxf5 18. Ne5 Qc7 19. Qf4 Bd6 20. Qxf5 Bxe5 21. f4 g6
22. Qd3 Bg7 23. Qxd5 Nxa5 24. Be3 b6 25. f5 Rfd8 26. Qf3 c4 27. Qf2 Nb3 28.
Bxb6 Qc6 29. Bxd8 Nxa1 30. Bh4 Nb3 31. fxg6 fxg6 32. Qf7 Rf8 33. Qxc4 Qb6+ 34.
Kh1 Nd2 35. Qe2 Nxf1 36. Rxf1 Rxf1+ 37. Qxf1 Qxb2 38. Bf6 1/2-1/2

[Event "OLOMOUC 2006 - IM-B (CZE)"]
[Site "?"]
[Date "2006.08.04"]
[Round "3.3"]
[White "Mihailovs, Jurijs"]
[Black "Salama, Omar"]
[Result "1-0"]
[WhiteElo "2258"]
[BlackElo "2174"]
[PlyCount "99"]
[EventDate "2006.08.02"]

1. d4 Nf6 2. c4 e6 3. Nf3 c5 4. d5 exd5 5. cxd5 d6 6. Nc3 g6 7. Bf4 a6 8. a4
Bg7 9. e3 O-O 10. Be2 Bg4 11. O-O Re8 12. h3 Bxf3 13. Bxf3 Qe7 14. Qb3 Nbd7 15.
Qxb7 Reb8 16. Qc6 Ne8 17. a5 Ne5 18. Bxe5 Bxe5 19. Be2 Nc7 20. Na4 Ra7 21. Rab1
Nb5 22. Rfc1 Rc7 23. Qxa6 Ra7 24. Qc6 Rc7 25. Qxb5 Rxb5 26. Bxb5 f5 27. Nb6 Qd8
28. Nc4 Ra7 29. Ra1 Kg7 30. a6 f4 31. Nxe5 dxe5 32. Rxc5 Qb6 33. b4 fxe3 34.
fxe3 e4 35. Rd1 Qd6 36. Bf1 Rf7 37. Rcc1 Qb6 38. Rd4 Rd7 39. Rc6 Qb8 40. d6 Rf7
41. d7 Qg3 42. Rd1 Qxe3+ 43. Kh1 Rxf1+ 44. Rxf1 Qd3 45. Rfc1 e3 46. a7 e2 47.
a8=Q Qd1+ 48. Kh2 e1=Q 49. Rxd1 Qxd1 50. d8=Q 1-0

[Event "OLOMOUC 2006 - IM-B (CZE)"]
[Site "?"]
[Date "2006.08.04"]
[Round "3.5"]
[White "Stehno, Pavel"]
[Black "Tibensky, Robert"]
[Result "0-1"]
[WhiteElo "2297"]
[BlackElo "2385"]
[PlyCount "118"]
[EventDate "2006.08.02"]

1. e4 e6 2. d4 d5 3. e5 c5 4. c3 Nc6 5. Nf3 Bd7 6. Be2 Nge7 7. Na3 cxd4 8. cxd4
Nf5 9. Nc2 Qb6 10. h4 Rc8 11. O-O Na5 12. g4 Ne7 13. b3 h5 14. gxh5 Rxh5 15.
Bg5 Bb5 16. Bxb5+ Qxb5 17. Nfe1 Rh8 18. Ne3 Ng6 19. Qg4 Qd7 20. N1g2 Nc6 21.
Rad1 f6 22. exf6 gxf6 23. Bf4 Nge7 24. Bg3 Kf7 25. Nf4 Bg7 26. Qf3 f5 27. Nc2
Ng6 28. Nxg6 Kxg6 29. Rfe1 Bf6 30. Qf4 Kf7 31. Ne3 Ne7 32. Ng2 Ng6 33. Qf3 Bxh4
34. Nxh4 Nxh4 35. Qe3 Ng6 36. Rc1 Qe7 37. Rxc8 Rxc8 38. Rc1 Rxc1+ 39. Qxc1 Kg7
40. Kf1 Qf7 41. Bb8 a6 42. Qg5 Qe7 43. Qg3 Qh4 44. Qc7+ Kh6 45. Qxb7 Qxd4 46.
Qxa6 Qd1+ 47. Kg2 Qe1 48. Qa4 Kg5 49. Bg3 f4 50. Qd4 fxg3 51. Kxg3 Qg1+ 52. Kf3
e5 53. Qe3+ Kf5 54. Ke2 Nf4+ 55. Kd2 Qb1 56. a4 d4 57. Qf3 Qb2+ 58. Ke1 e4 59.
Qd1 Nd3+ 0-1

[Event "OLOMOUC 2006 - IM-B (CZE)"]
[Site "?"]
[Date "2006.08.04"]
[Round "3.6"]
[White "Jurek, Josef"]
[Black "Sluka, Radek"]
[Result "1/2-1/2"]
[WhiteElo "2390"]
[BlackElo "2331"]
[PlyCount "69"]
[EventDate "2006.08.02"]

1. Nf3 f5 2. d4 Nf6 3. g3 g6 4. Bg2 Bg7 5. O-O O-O 6. b3 d6 7. Bb2 c6 8. Nbd2
Na6 9. c4 h6 10. Qc2 g5 11. Ne1 Qe8 12. Nd3 Nc7 13. Rae1 Qh5 14. f3 Bd7 15. e4
fxe4 16. fxe4 Bh3 17. e5 Ng4 18. Nf3 Rf7 19. Bxh3 Qxh3 20. Qg2 Qxg2+ 21. Kxg2
dxe5 22. h3 e4 23. Rxe4 Nf6 24. Re2 Nd7 25. Rfe1 Bf6 26. Nh2 h5 27. g4 h4 28.
Nf3 Nf8 29. Bc1 Rg7 30. Nc5 b6 31. Ne4 Nh7 32. Nxf6+ exf6 33. Re7 Rf8 34. Ba3
Rxe7 35. Rxe7 1/2-1/2

[Event "OLOMOUC 2006 - IM-B (CZE)"]
[Site "?"]
[Date "2006.08.04"]
[Round "4.1"]
[White "Malinovsky, Karel"]
[Black "Sluka, Radek"]
[Result "0-1"]
[WhiteElo "2346"]
[BlackElo "2331"]
[PlyCount "116"]
[EventDate "2006.08.02"]

1. e4 c5 2. Nf3 Nc6 3. d4 cxd4 4. Nxd4 e5 5. Nb5 d6 6. c4 Be6 7. Bd3 Be7 8. b3
a6 9. N5c3 Nf6 10. O-O O-O 11. Nd5 Bxd5 12. exd5 Nd4 13. Bb2 Nd7 14. Nd2 Qb6
15. Nf3 Nxf3+ 16. Qxf3 g6 17. Qe3 Qxe3 18. fxe3 f5 19. Rae1 a5 20. e4 f4 21. a3
Bd8 22. Ra1 g5 23. Kf2 Bb6+ 24. Ke2 g4 25. b4 Rf6 26. Bc2 Rh6 27. Rh1 f3+ 28.
gxf3 gxf3+ 29. Kxf3 Rf8+ 30. Ke2 Rf2+ 31. Kd1 Rg6 32. Bc3 Rgg2 33. Bd3 Rf3 34.
Bf1 Rgf2 35. Rg1+ Kf7 36. Ke1 Rxc3 37. c5 dxc5 38. bxc5 Rxh2 39. cxb6 Re3+ 40.
Kd1 Rxe4 41. Rg2 Rf4 42. Ke2 Rh6 43. Rf2 Rxf2+ 44. Kxf2 Rxb6 45. Rc1 Rb2+ 46.
Ke3 b6 47. Ke4 Ke7 48. Bh3 Re2+ 49. Kd3 Rb2 50. Ke4 Re2+ 51. Kd3 Rf2 52. Kc4
Nf6 53. Be6 Kd6 54. Rd1 Rf3 55. Bc8 Rxa3 56. Bb7 Ra4+ 57. Kb3 Rb4+ 58. Kc2 Rf4
0-1

[Event "OLOMOUC 2006 - IM-B (CZE)"]
[Site "?"]
[Date "2006.08.04"]
[Round "4.2"]
[White "Tibensky, Robert"]
[Black "Jurek, Josef"]
[Result "1-0"]
[WhiteElo "2385"]
[BlackElo "2390"]
[PlyCount "81"]
[EventDate "2006.08.02"]

1. d4 Nf6 2. Nf3 e6 3. e3 b6 4. Bd3 Bb7 5. O-O c5 6. c4 Be7 7. Nc3 cxd4 8. exd4
d5 9. cxd5 Nxd5 10. Ne5 O-O 11. Qg4 f5 12. Qe2 Bf6 13. Bc4 Re8 14. Rd1 a6 15.
Rd3 Nd7 16. Rh3 Nf8 17. Bd2 b5 18. Bb3 Qb6 19. Nxd5 Bxd5 20. Bxd5 exd5 21. Qd3
Rad8 22. Re1 Bxe5 23. dxe5 Qe6 24. Rf3 g6 25. g4 fxg4 26. Rf6 Qe7 27. Rxa6 Ne6
28. Rd6 Nf4 29. Qf1 Nh3+ 30. Kg2 Rf8 31. Rxd8 Qxd8 32. f4 d4 33. Kg3 g5 34. f5
Nf4 35. f6 Nh5+ 36. Kxg4 Nxf6+ 37. exf6 Rxf6 38. Qxb5 Kg7 39. Bxg5 Qc8+ 40. Kh4
Re6 41. Qf5 1-0

[Event "OLOMOUC 2006 - IM-B (CZE)"]
[Site "?"]
[Date "2006.08.04"]
[Round "4.3"]
[White "Lubbe, Nicolas"]
[Black "Stehno, Pavel"]
[Result "1/2-1/2"]
[WhiteElo "2272"]
[BlackElo "2297"]
[PlyCount "23"]
[EventDate "2006.08.02"]

1. d4 g6 2. c4 Nf6 3. Nc3 Bg7 4. e4 d6 5. Be3 O-O 6. f3 c6 7. Qd2 a6 8. Bd3 b5
9. cxb5 axb5 10. Nge2 Nbd7 11. O-O e5 12. Rfc1 1/2-1/2

[Event "OLOMOUC 2006 - IM-B (CZE)"]
[Site "?"]
[Date "2006.08.04"]
[Round "4.4"]
[White "Salama, Omar"]
[Black "Krupa, Monika"]
[Result "0-1"]
[WhiteElo "2174"]
[BlackElo "2251"]
[PlyCount "148"]
[EventDate "2006.08.02"]

1. d4 Nf6 2. Nf3 e6 3. Bg5 h6 4. Bh4 b6 5. e3 Bb7 6. Nbd2 c5 7. Bd3 Nc6 8. c3
Be7 9. O-O O-O 10. Qe2 cxd4 11. exd4 Nh5 12. Bg3 Nxg3 13. hxg3 g6 14. Qe3 Kh7
15. Ne5 Bf6 16. f4 Ne7 17. Ne4 Nd5 18. Qe2 d6 19. Nc4 Be7 20. Rae1 Nc7 21. Ncd2
Qd7 22. g4 f5 23. gxf5 gxf5 24. Qh5 Rg8 25. Nf3 Qe8 26. Qxe8 Raxe8 27. Ned2 Kg7
28. Kf2 Kf7 29. Rh1 Rg6 30. c4 Reg8 31. Reg1 Bf6 32. Rh2 Rg4 33. g3 Rh8 34. b3
h5 35. Ke3 Rhg8 36. Rxh5 Rxg3 37. Rh7+ R3g7 38. Rgxg7+ Bxg7 39. Ng5+ Kg6 40.
Be2 e5 41. dxe5 dxe5 42. Bh5+ Kf6 43. Bf7 exf4+ 44. Kxf4 Rd8 45. Ndf3 Bxf3 46.
Kxf3 Rd3+ 47. Kf2 Rd2+ 48. Kf3 Rxa2 49. Ne6 Nxe6 50. Bxe6 Kxe6 51. Rxg7 Ra3 52.
Kf4 Rxb3 53. Rg6+ Kf7 54. Rc6 Ke7 55. Kxf5 Kd7 56. Rh6 Rb4 57. Ke5 Rxc4 58.
Rh7+ Kc6 59. Rxa7 b5 60. Ra8 b4 61. Rb8 Kc5 62. Rb7 Rc3 63. Rb8 Re3+ 64. Kf4
Re6 65. Rc8+ Kb5 66. Rb8+ Kc4 67. Rc8+ Kb3 68. Rb8 Kc3 69. Rc8+ Kb2 70. Kf3 b3
71. Kf2 Kb1 72. Rb8 b2 73. Ra8 Rc6 74. Ke2 Kc1 0-1

[Event "OLOMOUC 2006 - IM-B (CZE)"]
[Site "?"]
[Date "2006.08.04"]
[Round "4.5"]
[White "Skytte, Rasmus"]
[Black "Mihailovs, Jurijs"]
[Result "1/2-1/2"]
[WhiteElo "2408"]
[BlackElo "2258"]
[PlyCount "25"]
[EventDate "2006.08.02"]

1. e4 c5 2. Nf3 e6 3. d4 cxd4 4. Nxd4 a6 5. Nc3 Qc7 6. g3 Bb4 7. Bd2 Nc6 8.
Nxc6 bxc6 9. Qg4 Bf8 10. Bg2 Nf6 11. Qe2 a5 12. f4 Ba6 13. Qf3 1/2-1/2

[Event "OLOMOUC 2006 - IM-B (CZE)"]
[Site "?"]
[Date "2006.08.04"]
[Round "4.6"]
[White "Camarena Gimenez, Rufino"]
[Black "Ramiro Ovejero, Juan Luis"]
[Result "1/2-1/2"]
[WhiteElo "2323"]
[BlackElo "2323"]
[PlyCount "78"]
[EventDate "2006.08.02"]

1. Nf3 c5 2. c4 Nf6 3. Nc3 Nc6 4. d4 cxd4 5. Nxd4 g6 6. e4 d6 7. Be2 Bg7 8. Be3
Nxd4 9. Bxd4 O-O 10. Qd2 Be6 11. f3 Nd7 12. Bxg7 Kxg7 13. h4 Qa5 14. f4 f5 15.
h5 Nf6 16. g4 Nxg4 17. Bxg4 fxg4 18. hxg6 hxg6 19. O-O-O Bg8 20. f5 Kf7 21. Qg5
Ke8 22. Qxg6+ Kd7 23. Qxg4 Rac8 24. Qg7 Rxc4 25. Rd3 Rfc8 26. a3 Rxe4 27. f6
Qe5 28. Rhd1 Re1 29. Rxd6+ Qxd6 30. Rxe1 Qxf6 31. Rd1+ Kc7 32. Qg3+ e5 33. Qg1
Kb8 34. Kb1 Qe6 35. Qg3 Qf5+ 36. Ka1 Qf4 37. Qg7 e4 38. Qd4 Qc7 39. Qxe4 Qc4
1/2-1/2

[Event "OLOMOUC 2006 - IM-B (CZE)"]
[Site "?"]
[Date "2006.08.05"]
[Round "5.1"]
[White "Ramiro Ovejero, Juan Luis"]
[Black "Malinovsky, Karel"]
[Result "0-1"]
[WhiteElo "2323"]
[BlackElo "2346"]
[PlyCount "62"]
[EventDate "2006.08.02"]

1. e4 e5 2. Bc4 Nf6 3. d3 c6 4. Nf3 d5 5. Bb3 Bd6 6. Nc3 d4 7. Ne2 c5 8. Ng3
Nc6 9. O-O h6 10. c3 g6 11. cxd4 cxd4 12. Nd2 Bc7 13. a4 Kf8 14. Nc4 Kg7 15. f4
exf4 16. Bxf4 Bxf4 17. Rxf4 Be6 18. Qf3 Nd7 19. Rf1 Rf8 20. Nf5+ Kh7 21. Qh3
gxf5 22. exf5 Bxc4 23. f6 Rg8 24. Bxc4 Nde5 25. Qf5+ Rg6 26. Rh4 Kg8 27. Bb3
Qb6 28. Bd5 Qxb2 29. Qf4 Qe2 30. Rh3 Qg4 31. Rxh6 Qxf4 0-1

[Event "OLOMOUC 2006 - IM-B (CZE)"]
[Site "?"]
[Date "2006.08.05"]
[Round "5.2"]
[White "Mihailovs, Jurijs"]
[Black "Camarena Gimenez, Rufino"]
[Result "1-0"]
[WhiteElo "2258"]
[BlackElo "2323"]
[PlyCount "51"]
[EventDate "2006.08.02"]

1. d4 Nf6 2. c4 c5 3. d5 e5 4. Nc3 d6 5. e4 Be7 6. Bd3 Nbd7 7. Be3 h5 8. Be2
Nf8 9. Nf3 h4 10. Qd3 Ng6 11. g3 a6 12. Bd2 Bd7 13. O-O-O b5 14. Rde1 Rb8 15.
Kb1 Qc8 16. Ng5 Ng4 17. Nd1 Qd8 18. Ne6 fxe6 19. Bxg4 exd5 20. exd5 Nf8 21.
Bxd7+ Qxd7 22. f4 exf4 23. Bxf4 Kd8 24. Bd2 hxg3 25. Qxg3 b4 26. Rxe7 1-0

[Event "OLOMOUC 2006 - IM-B (CZE)"]
[Site "?"]
[Date "2006.08.05"]
[Round "5.3"]
[White "Krupa, Monika"]
[Black "Skytte, Rasmus"]
[Result "1/2-1/2"]
[WhiteElo "2251"]
[BlackElo "2408"]
[PlyCount "47"]
[EventDate "2006.08.02"]

1. e4 e5 2. Nf3 d6 3. d4 Nd7 4. Nc3 Ngf6 5. Bc4 Be7 6. h3 O-O 7. O-O c6 8. a4
b6 9. Qe2 Qc7 10. Bg5 Bb7 11. dxe5 dxe5 12. Nh4 Rae8 13. Nf5 Bb4 14. Rad1 g6
15. Qf3 gxf5 16. Qxf5 Be7 17. Rd3 Bc8 18. Rg3 Kh8 19. Rd1 Ng8 20. Bxe7 Nxe7 21.
Qg5 Ng6 22. Rxd7 Qxd7 23. Qf6+ Kg8 24. Rxg6+ 1/2-1/2

[Event "OLOMOUC 2006 - IM-B (CZE)"]
[Site "?"]
[Date "2006.08.05"]
[Round "5.4"]
[White "Stehno, Pavel"]
[Black "Salama, Omar"]
[Result "1/2-1/2"]
[WhiteElo "2297"]
[BlackElo "2174"]
[PlyCount "128"]
[EventDate "2006.08.02"]

1. e4 c5 2. Nf3 Nc6 3. Nc3 Nf6 4. Bb5 Qc7 5. O-O e6 6. d3 Be7 7. Re1 O-O 8. Bg5
d6 9. Qd2 Bd7 10. Ne2 a6 11. Ba4 b5 12. Bb3 c4 13. Bxf6 Bxf6 14. dxc4 bxc4 15.
Bxc4 Bxb2 16. Rad1 Ba3 17. Nf4 Ne5 18. Nxe5 dxe5 19. Nh5 Rfd8 20. Qg5 Bf8 21.
Nf6+ Kh8 22. Nxd7 Rxd7 23. Rxd7 Qxd7 24. Qxe5 Qd2 25. Rf1 Qxc2 26. Bb3 Qc5 27.
Qxc5 Bxc5 28. Rd1 g6 29. Kf1 Kg7 30. Rd7 Kf8 31. f4 Ra7 32. Rd8+ Ke7 33. Rc8
Be3 34. g3 a5 35. Ba4 f6 36. Ke2 Bg1 37. Rc1 Bb6 38. Rc6 Bc7 39. Bb3 Bd6 40. e5
fxe5 41. fxe5 Bc7 42. Rxe6+ Kd8 43. Ba4 Kc8 44. Bc6 Bd8 45. Re8 Re7 46. Kd3
Rxe8 47. Bxe8 Bc7 48. Ke4 Kd8 49. Bf7 Ke7 50. Bg8 h6 51. Bb3 Bb6 52. Bc2 Ke6
53. Kf4 Bc7 54. Bb3+ Ke7 55. Ke4 Bb6 56. Kd5 Bg1 57. h3 Bf2 58. g4 h5 59. Bc2
hxg4 60. hxg4 g5 61. Ke4 Be1 62. Bb3 Bd2 63. Kd3 Bf4 64. Ke4 Bd2 1/2-1/2

[Event "OLOMOUC 2006 - IM-B (CZE)"]
[Site "?"]
[Date "2006.08.05"]
[Round "5.5"]
[White "Jurek, Josef"]
[Black "Lubbe, Nicolas"]
[Result "1-0"]
[WhiteElo "2390"]
[BlackElo "2272"]
[PlyCount "137"]
[EventDate "2006.08.02"]

1. Nf3 Nf6 2. c4 e6 3. g3 Be7 4. Bg2 O-O 5. O-O b6 6. b3 Bb7 7. Bb2 d5 8. e3
Nbd7 9. Qe2 c5 10. Nc3 Qc7 11. Rac1 dxc4 12. bxc4 Rac8 13. Rfd1 Qb8 14. Ne1
Rfd8 15. f4 e5 16. d3 exf4 17. gxf4 Re8 18. Bf3 Nf8 19. Qg2 Bxf3 20. Nxf3 Ng6
21. f5 Ne5 22. Nxe5 Qxe5 23. e4 Nh5 24. Nd5 Qd6 25. Kh1 Qh6 26. Rc2 g6 27. Rg1
Bd6 28. Qf3 Be5 29. Bxe5 Rxe5 30. Qxh5 Qxh5 31. Nf6+ Kf8 32. Nxh5 gxh5 33. Rcg2
Ke7 34. Rg8 Rxg8 35. Rxg8 Kf6 36. Kg2 Re7 37. Rd8 a6 38. Kf3 Kg5 39. Rb8 b5 40.
cxb5 axb5 41. Rxb5 Ra7 42. Rb2 Ra3 43. Rg2+ Kf6 44. Kf4 Rxd3 45. Rc2 Rd1 46.
e5+ Kg7 47. f6+ Kh6 48. Rxc5 Rd2 49. a4 Rxh2 50. a5 Rf2+ 51. Ke4 h4 52. Kd5 h3
53. Rc3 Ra2 54. Rxh3+ Kg6 55. Rg3+ Kf5 56. Rf3+ Kg4 57. Rf1 Rxa5+ 58. Kd6 h5
59. e6 Ra6+ 60. Ke7 Rxe6+ 61. Kxf7 Rxf6+ 62. Kxf6 h4 63. Ke5 Kg3 64. Ra1 h3 65.
Ra3+ Kg2 66. Kf4 h2 67. Ra2+ Kg1 68. Kg3 h1=N+ 69. Kf3 1-0

[Event "OLOMOUC 2006 - IM-B (CZE)"]
[Site "?"]
[Date "2006.08.06"]
[Round "6.1"]
[White "Malinovsky, Karel"]
[Black "Tibensky, Robert"]
[Result "0-1"]
[WhiteElo "2346"]
[BlackElo "2385"]
[PlyCount "76"]
[EventDate "2006.08.02"]

1. e4 e6 2. d4 d5 3. Nc3 Bb4 4. e5 b6 5. a3 Bf8 6. f4 Nh6 7. Be3 Ba6 8. Bxa6
Nxa6 9. Nf3 c5 10. Ne2 Qd7 11. h3 Nf5 12. Bf2 h5 13. g3 cxd4 14. Nexd4 Nxd4 15.
Bxd4 Nc5 16. O-O Ne4 17. Kh2 Be7 18. Nd2 f5 19. exf6 gxf6 20. Nxe4 dxe4 21. Bc3
Qc6 22. f5 h4 23. Be1 Qb5 24. Kg2 exf5 25. a4 Qe5 26. Qe2 Kf7 27. Rd1 hxg3 28.
Bc3 Qe6 29. Rf4 Rh6 30. Qb5 Rh5 31. Rd7 a6 32. Qb3 Qxb3 33. cxb3 Ke6 34. Rb7
Bc5 35. Rf1 Rah8 36. b4 Be3 37. Re1 Bf2 38. Rd1 Rxh3 0-1

[Event "OLOMOUC 2006 - IM-B (CZE)"]
[Site "?"]
[Date "2006.08.06"]
[Round "6.2"]
[White "Lubbe, Nicolas"]
[Black "Sluka, Radek"]
[Result "1/2-1/2"]
[WhiteElo "2272"]
[BlackElo "2331"]
[PlyCount "142"]
[EventDate "2006.08.02"]

1. Nf3 d5 2. c4 c6 3. g3 e6 4. Bg2 f5 5. O-O Nf6 6. d3 Bd6 7. Nc3 O-O 8. e4 Bc7
9. e5 Nfd7 10. d4 Nb6 11. c5 N6d7 12. Ne2 h6 13. Nf4 Qe8 14. Be3 Rf7 15. h4 Nf8
16. Qd2 a5 17. Rfc1 Bd8 18. Ne1 Nbd7 19. Bf3 g6 20. Nh3 h5 21. b3 a4 22. Nf4
Rh7 23. Ned3 b5 24. Bd1 Nb8 25. bxa4 bxa4 26. a3 Ba6 27. Rcb1 Bb5 28. Nb2 Rha7
29. Be2 Rb7 30. Bd1 Rba7 31. Ne2 Na6 32. Bxa4 Nxc5 33. Bxb5 Ne4 34. Qd3 cxb5
35. f3 b4 36. fxe4 fxe4 37. Qd2 bxa3 38. Nd1 Nd7 39. Bf4 Nb6 40. Ne3 Qa4 41.
Ra2 Qa6 42. Bg5 Bxg5 43. hxg5 Nc4 44. Nxc4 Qxc4 45. Rc1 Qb5 46. Nf4 Qb3 47. Rc3
Qb1+ 48. Kh2 Rb7 49. Ng2 Qb4 50. Rcxa3 Qxa3 51. Rxa3 Rxa3 52. Qc1 Rab3 53. Nf4
h4 54. Qc8+ Kh7 55. gxh4 Rf7 56. h5 Rxf4 57. Qd7+ Kg8 58. Qxe6+ Kf8 59. Qc8+
Ke7 60. Qc7+ Ke8 61. Qc6+ Kf8 62. Qd6+ Ke8 63. Qxg6+ Kf8 64. Qd6+ Ke8 65. Qc6+
Kf8 66. Qc5+ Ke8 67. Qc6+ Kf8 68. Qh6+ Ke8 69. Qe6+ Kf8 70. g6 Rbf3 71. h6 Rf2+
1/2-1/2

[Event "OLOMOUC 2006 - IM-B (CZE)"]
[Site "?"]
[Date "2006.08.06"]
[Round "6.3"]
[White "Salama, Omar"]
[Black "Jurek, Josef"]
[Result "1/2-1/2"]
[WhiteElo "2174"]
[BlackElo "2390"]
[PlyCount "46"]
[EventDate "2006.08.02"]

1. d4 e6 2. c4 Nf6 3. Nf3 b6 4. g3 Ba6 5. b3 b5 6. cxb5 Bxb5 7. Bg2 d5 8. O-O
Nbd7 9. Nc3 Ba6 10. Ne5 c5 11. Nxd7 Nxd7 12. Re1 Be7 13. e4 cxd4 14. exd5 dxc3
15. dxe6 Nf6 16. Bc6+ Kf8 17. Bxa8 Qxa8 18. Bg5 Qc6 19. Bxf6 gxf6 20. Qd7 Bb7
21. Qxc6 Bxc6 22. Rac1 Be8 23. Rxc3 Bb4 1/2-1/2

[Event "OLOMOUC 2006 - IM-B (CZE)"]
[Site "?"]
[Date "2006.08.06"]
[Round "6.4"]
[White "Skytte, Rasmus"]
[Black "Stehno, Pavel"]
[Result "1-0"]
[WhiteElo "2408"]
[BlackElo "2297"]
[PlyCount "45"]
[EventDate "2006.08.02"]

1. e4 b6 2. d4 Bb7 3. Nc3 e6 4. Nf3 Bb4 5. Bd3 d5 6. e5 c5 7. a3 Ba5 8. b4 cxb4
9. Nb5 bxa3+ 10. c3 Qd7 11. Kf1 Nc6 12. Nd6+ Kd8 13. Bxa3 h6 14. Qb3 g5 15. h3
a6 16. c4 Na7 17. Bc5 Nc8 18. Rxa5 bxa5 19. Nxb7+ Ke8 20. Nd6+ Nxd6 21. exd6 a4
22. Qa2 f6 23. cxd5 1-0

[Event "OLOMOUC 2006 - IM-B (CZE)"]
[Site "?"]
[Date "2006.08.06"]
[Round "6.5"]
[White "Camarena Gimenez, Rufino"]
[Black "Krupa, Monika"]
[Result "1/2-1/2"]
[WhiteElo "2323"]
[BlackElo "2251"]
[PlyCount "54"]
[EventDate "2006.08.02"]

1. d4 Nf6 2. c4 e6 3. g3 d5 4. Bg2 Bb4+ 5. Bd2 Be7 6. Nf3 c6 7. Qc2 O-O 8. O-O
b6 9. Bf4 Bb7 10. b3 Nbd7 11. Nc3 Rc8 12. Rad1 Bb4 13. Ne5 Qe7 14. Nd3 Bd6 15.
Bxd6 Qxd6 16. Na4 Ne4 17. c5 Qe7 18. cxb6 axb6 19. Bxe4 dxe4 20. Ne5 Nxe5 21.
dxe5 Qb4 22. Rd6 Rcd8 23. Qd1 Ra8 24. Qd2 Qb5 25. Rd1 Qxe5 26. Nxb6 e3 27. Qxe3
Qxe3 1/2-1/2